Muhabatain jab shumar karna (Record no. 11576)
[ view plain ]
| 000 -LEADER | |
|---|---|
| fixed length control field | 00311nam a22001337a 4500 |
| 082 ## - DEWEY DECIMAL CLASSIFICATION NUMBER | |
| Classification number | 891.4391 NOS |
| 100 ## - MAIN ENTRY--PERSONAL NAME | |
| Personal name | Noshi Gilani |
| 245 ## - TITLE STATEMENT | |
| Title | Muhabatain jab shumar karna |
| 260 ## - PUBLICATION, DISTRIBUTION, ETC. | |
| Place of publication, distribution, etc. | Lahore |
| Name of publisher, distributor, etc. | Al Hamad Publications |
| Date of publication, distribution, etc. | 1997 |
| 300 ## - PHYSICAL DESCRIPTION | |
| Extent | 246p. : |
| 650 ## - SUBJECT ADDED ENTRY--TOPICAL TERM | |
| Topical term or geographic name entry element | Urdu literature |
| 700 ## - ADDED ENTRY--PERSONAL NAME | |
| Personal name | Noshi Gilani |
| 942 ## - ADDED ENTRY ELEMENTS (KOHA) | |
| Koha item type | Book |
| Withdrawn status | Lost status | Damaged status | Not for loan | Collection code | Permanent Location | Current Location | Shelving location | Date acquired | Source of acquisition | Cost, normal purchase price | Total Checkouts | Full call number | Barcode | Date last seen | Date last checked out | Price effective from | Koha item type |
|---|---|---|---|---|---|---|---|---|---|---|---|---|---|---|---|---|---|
| Central Library (CL) | Central Library (CL) | General Stacks | 01/24/2013 | Saeed Book Bank | 120.00 | 1 | 891.4391 NOS | SEECS011941 | 09/16/2025 | 06/01/2025 | 02/07/2013 | Book |
